000 00439pab a2200169 454500
008 180718b1986 xxu||||| |||| 00| 0 eng d
100 _aTilak, Jandhyala B.G.
245 _aEducational finances in India
260 _c1986
300 _ap.581-589.
362 _aJul-Sep
650 _aEducational finance - India
650 _aEducational finance
773 _aIndian Journal of Public Administration
908 _aN
909 _a88787
999 _c88787
_d88787